[Event "Classical Bliss V4"]
[Site "Montreal CAN"]
[Date "2025.03.02"]
[Round "2.4"]
[White "Yavorskyi, Yevhen"]
[Black "Villemaire, Michel"]
[Result "1-0"]
[WhiteElo "1351"]
[BlackElo "1471"]
[WhiteFideId "-1"]
[WhiteFideId "-1"]
[PlyCount "85"]
[GameId "2162699947560646"]
[EventDate "2025.03.01"]
[EventType "swiss"]
[EventRounds "6"]
[EventCountry "CAN"]

1. e4 c6 2. d4 d5 3. exd5 cxd5 4. c4 Nf6 5. Nc3 e6 6. Nf3 Nc6 7. Be2 dxc4 8. Bxc4 Be7 9. O-O O-O 10. Bf4 Nb4 11. Qb3 Nbd5 12. Nxd5 Nxd5 13. Bg3 Nf6 14. Rfe1 Nh5 15. Be5 Bf6 16. Qe3 Qb6 17. g4 Bxe5 18. dxe5 Qxe3 19. fxe3 Ng3 20. hxg3 b6 21. Nd4 Bb7 22. Bf1 Rfd8 23. Bg2 Bxg2 24. Kxg2 Rd5 25. Nf3 Kf8 26. Red1 Rc8 27. Rxd5 exd5 28. Nd4 g6 29. Rf1 Ke7 30. Rf6 a6 31. Nc6+ Ke8 32. e6 fxe6 33. Nd4 Rc1 34. Rxe6+ Kd7 35. Rxb6 Kc7 36. Rxa6 Rb1 37. Kf3 Rxb2 38. Ra7+ Kd6 39. a4 Rb1 40. a5 Rh1 41. a6 h5 42. gxh5 gxh5 43. Rh7 1-0

[Event "Classical Bliss V4"]
[Site "Montreal CAN"]
[Date "2025.03.08"]
[Round "3.1"]
[White "Turcotte, Jonathan"]
[Black "Robillard, Guillaume"]
[Result "1-0"]
[WhiteElo "2036"]
[BlackElo "1528"]
[WhiteFideId "-1"]
[WhiteFideId "-1"]
[PlyCount "79"]
[GameId "2162699947560650"]
[EventDate "2025.03.01"]
[EventType "swiss"]
[EventRounds "6"]
[EventCountry "CAN"]

1. c4 Nf6 2. Nc3 d6 3. d4 Nbd7 4. e4 e5 5. Nf3 c6 6. Be2 Be7 7. O-O Qc7 8. Re1 Nf8 9. Bf1 Bg4 10. Be3 exd4 11. Bxd4 Ng6 12. h3 Bxf3 13. Qxf3 O-O 14. Qg3 Nh5 15. Qf3 Nhf4 16. g3 Ne6 17. Be3 Bf6 18. Rad1 Rae8 19. Qe2 Bxc3 20. bxc3 Nc5 21. f3 f5 22. exf5 Rxf5 23. Bg2 Rfe5 24. Qd2 Qe7 25. Bf2 Qe6 26. Rxe5 Nxe5 27. Qxd6 Qxd6 28. Rxd6 Ned3 29. Bf1 Nxf2 30. Kxf2 Kf7 31. Bd3 Ke7 32. Rd4 h6 33. Bc2 a5 34. Rd2 Kf6 35. Re2 Rd8 36. f4 Nd3+ 37. Ke3 Nc1 38. Rd2 Re8+ 39. Be4 Nxa2 40. Rxa2 1-0

[Event "Classical Bliss V4"]
[Site "Montreal CAN"]
[Date "2025.03.08"]
[Round "3.3"]
[White "Ivanov Yuan, Maksim"]
[Black "Yavorskyi, Yevhen"]
[Result "0-1"]
[WhiteElo "1737"]
[BlackElo "1351"]
[WhiteFideId "-1"]
[WhiteFideId "-1"]
[PlyCount "130"]
[GameId "2162699947568844"]
[EventDate "2025.03.01"]
[EventType "swiss"]
[EventRounds "6"]
[EventCountry "CAN"]

1. e4 c5 2. d4 cxd4 3. Nf3 d6 4. Nxd4 Nf6 5. Nc3 g6 6. f3 Bg7 7. Be3 O-O 8. Qd2 Nc6 9. Bc4 Nxd4 10. Bxd4 Be6 11. Bxe6 fxe6 12. O-O-O Qa5 13. h4 Nh5 14. Bxg7 Kxg7 15. Qd4+ e5 16. Qd5 Qxd5 17. Nxd5 Kf7 18. Rhf1 Nf4 19. Rf2 Nxd5 20. Rxd5 Ke6 21. Rfd2 Rf4 22. h5 gxh5 23. Rd1 Rg8 24. R5d2 h4 25. Rh1 Rg3 26. Rf2 h3 27. Rxh3 Rxh3 28. gxh3 Rh4 29. Rh2 Rf4 30. Rf2 Rh4 31. Kd2 Rxh3 32. Ke3 Rh1 33. a4 h5 34. f4 Rh3+ 35. Kd2 exf4 36. Rxf4 Rh2+ 37. Kd3 h4 38. Rg4 h3 39. Rh4 Rh1 40. Rh6+ Ke5 41. Ke3 h2 42. Rh5+ Kf6 43. Kd2 Rb1 44. Rxh2 Rxb2 45. Kc3 Rb6 46. Rh5 Rc6+ 47. Kb3 Rc5 48. Rh6+ Ke5 49. Rh7 Rc7 50. Rh4 Kd4 51. c4 e5 52. Rh6 Rc6 53. a5 Kxe4 54. Rh7 Ra6 55. Rxb7 Rxa5 56. Kb4 Ra1 57. Rd7 a5+ 58. Kb5 Rd1 59. Kxa5 Rd4 60. Kb5 Kd3 61. Rh7 Rxc4 62. Rh3+ Kd4 63. Rh4+ e4 64. Rxe4+ Kxe4 65. Kxc4 d5+ 0-1

[Event "Classical Bliss V4"]
[Site "Montreal CAN"]
[Date "2025.03.09"]
[Round "4.1"]
[White "Di Matteo, Alessio"]
[Black "Turcotte, Jonathan"]
[Result "1-0"]
[WhiteElo "1968"]
[BlackElo "2059"]
[WhiteFideId "-1"]
[WhiteFideId "-1"]
[PlyCount "69"]
[GameId "2162699947568848"]
[EventDate "2025.03.01"]
[EventType "swiss"]
[EventRounds "6"]
[EventCountry "CAN"]

1. d4 d5 2. c4 c6 3. Nf3 Nf6 4. Nc3 e6 5. Bg5 h6 6. Bxf6 Qxf6 7. Qb3 Nd7 8. e4 dxe4 9. Nxe4 Qf5 10. Bd3 Qa5+ 11. Ned2 Be7 12. O-O-O Qb6 13. Qc2 Nf6 14. Ne4 Nxe4 15. Bxe4 c5 16. dxc5 Qxc5 17. Qa4+ Kf8 18. Qc2 g6 19. Qc3 Kg8 20. a3 a5 21. h4 Rb8 22. Nd2 b5 23. Bxg6 fxg6 24. Qg3 Rb7 25. Qxg6+ Kf8 26. Rh3 Qf5 27. Rf3 Bxh4 28. Rxf5+ exf5 29. Nf3 Be7 30. Ne5 Bg5+ 31. Kb1 Rhh7 32. f4 Rhg7 33. Qd6+ Be7 34. Qc6 Rb8 35. Qc7 1-0

[Event "Classical Bliss V4"]
[Site "Montreal CAN"]
[Date "2025.03.09"]
[Round "4.2"]
[White "Yavorskyi, Yevhen"]
[Black "Babalola, Temilolu"]
[Result "0-1"]
[WhiteElo "1616"]
[BlackElo "1400"]
[WhiteFideId "-1"]
[WhiteFideId "-1"]
[PlyCount "35"]
[GameId "2162699947568849"]
[EventDate "2025.03.01"]
[EventType "swiss"]
[EventRounds "6"]
[EventCountry "CAN"]

1. e4 d5 2. exd5 Nf6 3. Nf3 c6 4. d4 cxd5 5. Nc3 Bf5 6. Bb5+ Nbd7 7. O-O e6 8. Bg5 a6 9. Bxf6 gxf6 10. Bxd7+ Qxd7 11. Nh4 Bg6 12. Nxg6 hxg6 13. Qf3 Bd6 14. h3 f5 15. Rfe1 Bc7 16. Nxd5 O-O-O 17. Nxc7 Qxc7 18. Rad1 0-1

[Event "Classical Bliss V4"]
[Site "Montreal CAN"]
[Date "2025.03.09"]
[Round "4.3"]
[White "Robillard, Guillaume"]
[Black "Poirier, Normand"]
[Result "1-0"]
[WhiteElo "1408"]
[BlackElo "1400"]
[WhiteFideId "-1"]
[WhiteFideId "-1"]
[PlyCount "65"]
[GameId "2162699947568850"]
[EventDate "2025.03.01"]
[EventType "swiss"]
[EventRounds "6"]
[EventCountry "CAN"]

1. e4 e5 2. f4 Nc6 3. Nc3 Bc5 4. Nf3 d6 5. Bb5 Nge7 6. d4 exd4 7. Nxd4 Bd7 8. Nb3 Bb6 9. Qe2 O-O 10. Be3 Bg4 11. Qxg4 Bxe3 12. Qf3 Nb4 13. Bd3 Nxd3+ 14. cxd3 Bb6 15. O-O-O Qd7 16. d4 a5 17. a4 Nc6 18. d5 Nb4 19. Nd4 Rac8 20. Kb1 c5 21. dxc6 bxc6 22. Nf5 d5 23. Qg4 Qxf5 24. exf5 Rfe8 25. f6 g6 26. Rhe1 d4 27. Ne4 Nd5 28. Qh4 Bd8 29. Ng5 Nc3+ 30. bxc3 Rb8+ 31. Kc2 Rb2+ 32. Kxb2 dxc3+ 33. Kc2 1-0

[Event "Classical Bliss V4"]
[Site "Montreal CAN"]
[Date "2025.03.09"]
[Round "4.4"]
[White "Laktionov, Tymur"]
[Black "Villemaire, Michel"]
[Result "1/2-1/2"]
[WhiteElo "1549"]
[BlackElo "1481"]
[WhiteFideId "-1"]
[WhiteFideId "-1"]
[PlyCount "74"]
[GameId "2162699947568851"]
[EventDate "2025.03.01"]
[EventType "swiss"]
[EventRounds "6"]
[EventCountry "CAN"]

1. e4 c6 2. d4 d5 3. e5 c5 4. c3 Nc6 5. Be3 cxd4 6. cxd4 Qb6 7. Qd2 Bg4 8. Be2 Bxe2 9. Nxe2 e6 10. O-O Nge7 11. Nbc3 a6 12. a3 Nf5 13. Rac1 Qa7 14. Na4 Rc8 15. Rc3 b5 16. Rfc1 Qb7 17. Qc2 Kd7 18. Nc5+ Bxc5 19. Rxc5 h6 20. b4 Rhg8 21. a4 Nxb4 22. Qb3 bxa4 23. Qxa4+ Nc6 24. Bd2 Nfe7 25. h3 Ra8 26. Nf4 Rgc8 27. Nd3 Kd8 28. Ba5+ Nxa5 29. Qxa5+ Ke8 30. Rxc8+ Rxc8 31. Rxc8+ Qxc8 32. Nc5 Nc6 33. Qa4 Ke7 34. Nxa6 Nxd4 35. Qb4+ Ke8 36. Qd6 Nb5 37. Qb6 Nd4 1/2-1/2

[Event "Classical Bliss V4"]
[Site "Montreal CAN"]
[Date "2025.03.09"]
[Round "4.5"]
[White "Devilliers, Benoit"]
[Black "Ivanov Yuan, Maksim"]
[Result "0-1"]
[WhiteElo "1400"]
[BlackElo "1935"]
[WhiteFideId "-1"]
[WhiteFideId "-1"]
[PlyCount "120"]
[GameId "2162699947568852"]
[EventDate "2025.03.01"]
[EventType "swiss"]
[EventRounds "6"]
[EventCountry "CAN"]

1. b3 e5 2. Bb2 Nc6 3. e3 d5 4. Bb5 Bd6 5. f4 Qe7 6. Nf3 Bg4 7. Be2 Nf6 8. fxe5 Bxe5 9. Nxe5 Nxe5 10. O-O h5 11. a4 O-O-O 12. Qe1 h4 13. b4 h3 14. g3 Bxe2 15. Qxe2 Neg4 16. Bxf6 Nxf6 17. b5 d4 18. Re1 Rhe8 19. Na3 Qe4 20. Nc4 Qxc2 21. Rec1 Qe4 22. d3 Qg2+ 23. Qxg2 hxg2 24. e4 Ng4 25. Kxg2 Ne5 26. Nb2 Rf8 27. a5 f5 28. Rc5 Ng4 29. Rac1 Ne3+ 30. Kg1 Rd7 31. e5 Re8 32. Na4 Kd8 33. b6 axb6 34. axb6 c6 35. Ra5 Nd5 36. Nc5 Nxb6 37. Nxd7 Kxd7 38. Re1 Nd5 39. Ra7 Kc7 40. h4 Kb6 41. Ra2 c5 42. Rf2 Ne3 43. Rxe3 dxe3 44. Rxf5 Re7 45. Kf1 Kc6 46. Ke2 Kd5 47. Kxe3 Rxe5+ 48. Rxe5+ Kxe5 49. g4 b5 50. h5 b4 51. g5 Kf5 52. h6 gxh6 53. gxh6 Kg6 54. h7 Kxh7 55. Kd2 Kg6 56. Kc2 Kf5 57. Kb3 Kf4 58. Kc4 Ke3 59. d4 cxd4 60. Kxb4 d3 0-1

[Event "Classical Bliss V4"]
[Site "Montreal CAN"]
[Date "2025.03.15"]
[Round "5.2"]
[White "Laktionov, Tymur"]
[Black "Robillard, Guillaume"]
[Result "0-1"]
[WhiteElo "1423"]
[BlackElo "1528"]
[WhiteFideId "-1"]
[WhiteFideId "-1"]
[PlyCount "74"]
[GameId "2162699947572952"]
[EventDate "2025.03.01"]
[EventType "swiss"]
[EventRounds "6"]
[EventCountry "CAN"]

1. e4 c5 2. Nc3 a6 3. g3 e6 4. Bg2 Nc6 5. Nge2 b5 6. d4 cxd4 7. Nxd4 Nge7 8. e5 Bb7 9. Ne4 Ng6 10. Bg5 Qc7 11. Nxc6 Bxc6 12. Nd6+ Bxd6 13. exd6 Qb7 14. Bxc6 Qxc6 15. O-O h6 16. Be3 Ne5 17. f3 O-O 18. b4 Nc4 19. Bc5 Nb6 20. Qd4 Na4 21. c4 Nxc5 22. cxb5 axb5 23. bxc5 Ra4 24. Qe3 Rfa8 25. Rf2 Ra3 26. Qe4 Qxc5 27. Kg2 Qxd6 28. Rc2 Qd3 29. Qxd3 Rxd3 30. Rb2 Kf8 31. Kf2 b4 32. Rab1 Ke7 33. Ke2 Rda3 34. Rxb4 Rxa2+ 35. Ke3 R8a3+ 36. Ke4 Re2+ 37. Kf4 g5+ 0-1

[Event "Classical Bliss V4"]
[Site "Montreal CAN"]
[Date "2025.03.15"]
[Round "5.3"]
[White "Villemaire, Michel"]
[Black "Bozkurt, Berk"]
[Result "1/2-1/2"]
[WhiteElo "1471"]
[BlackElo "1148"]
[WhiteFideId "-1"]
[WhiteFideId "-1"]
[PlyCount "62"]
[GameId "2162699947572953"]
[EventDate "2025.03.01"]
[EventType "swiss"]
[EventRounds "6"]
[EventCountry "CAN"]

1. d4 Nf6 2. c4 e6 3. Nf3 Bb4+ 4. Nbd2 d5 5. e3 Nbd7 6. Qc2 c5 7. cxd5 Nxd5 8. Be2 O-O 9. O-O cxd4 10. Nxd4 Bc5 11. N2f3 b6 12. Rd1 Bb7 13. a3 Rc8 14. Qd2 N7f6 15. Qe1 h6 16. b4 Bd6 17. Nb5 Bb8 18. Bb2 Qe7 19. Rac1 a6 20. Nbd4 b5 21. Nb3 Rxc1 22. Rxc1 Nd7 23. Na5 Ba8 24. Nc6 Qd6 25. Nxb8 Qxb8 26. Qd2 Re8 27. Rc2 N7b6 28. Bc1 Na4 29. Nd4 Qb7 30. Bf3 Rc8 31. Bxd5 exd5 1/2-1/2

[Event "Classical Bliss V4"]
[Site "Montreal CAN"]
[Date "2025.03.15"]
[Round "5.4"]
[White "Rebhi, Mohamed"]
[Black "Yavorskyi, Yevhen"]
[Result "1-0"]
[WhiteElo "1284"]
[BlackElo "1351"]
[WhiteFideId "-1"]
[WhiteFideId "-1"]
[PlyCount "58"]
[GameId "2162699947572954"]
[EventDate "2025.03.01"]
[EventType "swiss"]
[EventRounds "6"]
[EventCountry "CAN"]

1. e4 c5 2. Nf3 d6 3. d4 cxd4 4. Ng5 Nf6 5. Qxd4 Nc6 6. Bb5 a6 7. Bxc6+ bxc6 8. Qc4 d5 9. Qxc6+ Bd7 10. Qb7 Rb8 11. Qa7 dxe4 12. O-O h6 13. Nh3 e5 14. Qe3 Be7 15. Kh1 O-O 16. Ng1 Bb5 17. Re1 Ng4 18. Qg3 h5 19. h3 Bh4 20. Qc3 Nxf2+ 21. Kh2 Nd3 22. cxd3 Bxe1 23. Qxe1 Bxd3 24. Nc3 f5 25. Nge2 f4 26. Na4 f3 27. gxf3 exf3 28. Ng3 f2 29. Qxe5 f1=N+ 1-0

[Event "Classical Bliss V4"]
[Site "Montreal CAN"]
[Date "2025.03.16"]
[Round "6.3"]
[White "Bozkurt, Berk"]
[Black "Laktionov, Tymur"]
[Result "0-1"]
[WhiteElo "1087"]
[BlackElo "1549"]
[WhiteFideId "-1"]
[WhiteFideId "-1"]
[PlyCount "64"]
[GameId "2162699947572958"]
[EventDate "2025.03.01"]
[EventType "swiss"]
[EventRounds "6"]
[EventCountry "CAN"]

1. d4 d5 2. c4 e6 3. Nc3 Nf6 4. cxd5 exd5 5. Bg5 Be7 6. e3 Bf5 7. Qb3 Be6 8. Qxb7 Nbd7 9. Bxf6 Nxf6 10. Bb5+ Kf8 11. Rc1 g6 12. Nf3 Kg7 13. O-O Qd6 14. Qc6 Qd8 15. Ne5 Rb8 16. Qa6 Rb6 17. Qxa7 Bd6 18. f4 Qe7 19. a4 Ng4 20. a5 Rxb5 21. Nxb5 Bxe5 22. h3 Nxe3 23. Rf3 Bxf4 24. Rxf4 Qg5 25. Rf2 Bxh3 26. Rcc2 Nxc2 27. Rxc2 Re8 28. Qxc7 Re1+ 29. Kh2 Bf5 30. Rc3 Qh4+ 31. Rh3 Bxh3 32. Nc3 Bg4# 0-1

[Event "Classical Bliss V4"]
[Site "Montreal CAN"]
[Date "2025.03.16"]
[Round "6.4"]
[White "Pepin, Pierre-Luc"]
[Black "Villemaire, Michel"]
[Result "0-1"]
[WhiteElo "1134"]
[BlackElo "1481"]
[WhiteFideId "-1"]
[WhiteFideId "-1"]
[PlyCount "60"]
[GameId "2162699947572959"]
[EventDate "2025.03.01"]
[EventType "swiss"]
[EventRounds "6"]
[EventCountry "CAN"]

1. d4 Nf6 2. Nd2 g6 3. c3 Bg7 4. e3 O-O 5. Ngf3 d5 6. b3 b6 7. Bd3 Ba6 8. Bxa6 Nxa6 9. Qe2 Nb8 10. Bb2 Nbd7 11. O-O Re8 12. h3 h6 13. Rad1 c6 14. Qa6 Qc7 15. Qd3 Nh7 16. Rfe1 e5 17. dxe5 Nxe5 18. Nxe5 Bxe5 19. Nf3 Bg7 20. Qc2 Ng5 21. Nxg5 hxg5 22. Ba1 Re4 23. c4 Bxa1 24. cxd5 Rae8 25. Rxa1 c5 26. Qd3 Qd6 27. f3 Rh4 28. e4 Qg3 29. Re3 Rxh3 30. f4 Qxe3+ 0-1

[Event "Classical Bliss V5"]
[Site "Montreal CAN"]
[Date "2025.03.30"]
[Round "2.1"]
[White "Zhang, Chu Hang"]
[Black "Tremblay, Xavier"]
[Result "1-0"]
[WhiteElo "2206"]
[BlackElo "1478"]
[WhiteFideId "-1"]
[WhiteFideId "-1"]
[PlyCount "59"]
[GameId "2179725612520494"]
[EventDate "2025.03.29"]
[EventType "swiss"]
[EventRounds "6"]
[EventCountry "CAN"]

1. e4 c5 2. Ne2 e6 3. Nbc3 Nc6 4. g3 Nf6 5. Bg2 Be7 6. O-O O-O 7. h3 Rb8 8. a4 d5 9. exd5 exd5 10. d4 cxd4 11. Nxd4 Bc5 12. Nb3 Bb6 13. Bg5 h6 14. Bxf6 Qxf6 15. a5 Bd8 16. Qxd5 Be6 17. Qh5 Nb4 18. Ne4 Qxb2 19. Rab1 Qxc2 20. Nd4 Qc4 21. Nxe6 fxe6 22. Rfc1 Qd4 23. Rd1 Qc4 24. Qg4 Kh8 25. Rd7 Rg8 26. Nd6 Qxg4 27. hxg4 Bxa5 28. Nf7+ Kh7 29. Be4+ g6 30. Ng5+ 1-0

[Event "Classical Bliss V5"]
[Site "Montreal CAN"]
[Date "2025.03.30"]
[Round "2.2"]
[White "Ouimet, Alain"]
[Black "Nassif, Aba"]
[Result "0-1"]
[WhiteElo "1286"]
[BlackElo "2074"]
[WhiteFideId "-1"]
[WhiteFideId "-1"]
[PlyCount "90"]
[GameId "2179725612536879"]
[EventDate "2025.03.29"]
[EventType "swiss"]
[EventRounds "6"]
[EventCountry "CAN"]

1. e4 d6 2. c3 Nf6 3. d3 e5 4. Nf3 h6 5. g3 Nc6 6. Bg2 Be6 7. Nbd2 Qd7 8. O-O Be7 9. b3 O-O-O 10. a4 d5 11. exd5 Nxd5 12. Bb2 Bh3 13. Nc4 f6 14. b4 h5 15. b5 Nb8 16. Re1 Bxg2 17. Kxg2 h4 18. Rh1 hxg3 19. fxg3 e4 20. dxe4 Ne3+ 21. Nxe3 Qh3+ 22. Kg1 Rxd1+ 23. Rxd1 Bc5 24. Nd4 Nd7 25. Kf2 Ne5 26. Ke2 Qh5+ 27. Kd2 Rd8 28. Kc2 Bxd4 29. cxd4 Qe2+ 30. Rd2 Qxe3 31. Rhd1 Qxe4+ 32. Kc1 Nc4 33. Rd3 Nxb2 34. Kxb2 Rd5 35. Kc3 a5 36. bxa6 bxa6 37. Rb1 c5 38. Rbd1 a5 39. Kc4 Kc7 40. Rc3 Kc6 41. Rdd3 Qe1 42. Re3 Rxd4+ 43. Kb3 Qb1+ 44. Ka3 Rxa4+ 45. Kxa4 Qb4# 0-1

[Event "Classical Bliss V5"]
[Site "Montreal CAN"]
[Date "2025.03.30"]
[Round "2.4"]
[White "Robillard, Guillaume"]
[Black "Pepin, Pierre-Luc"]
[Result "1-0"]
[WhiteElo "1587"]
[BlackElo "1063"]
[WhiteFideId "-1"]
[WhiteFideId "-1"]
[PlyCount "35"]
[GameId "2179725612536881"]
[EventDate "2025.03.29"]
[EventType "swiss"]
[EventRounds "6"]
[EventCountry "CAN"]

1. e4 e6 2. d4 d5 3. Nd2 dxe4 4. Nxe4 Nc6 5. Nf3 Be7 6. c3 Nf6 7. Ng3 a6 8. Bd3 O-O 9. Qe2 Re8 10. Ne5 Qd5 11. f4 Rd8 12. O-O Nxe5 13. fxe5 Nd7 14. Bxh7+ Kxh7 15. Qh5+ Kg8 16. Qxf7+ Kh8 17. Qxe7 Rg8 18. Qh4# 1-0

[Event "Classical Bliss V5"]
[Site "Montreal CAN"]
[Date "2025.04.05"]
[Round "3.2"]
[White "Tremblay, Xavier"]
[Black "Ouimet, Alain"]
[Result "1-0"]
[WhiteElo "1478"]
[BlackElo "1286"]
[WhiteFideId "-1"]
[WhiteFideId "-1"]
[PlyCount "58"]
[GameId "2179725612536883"]
[EventDate "2025.03.29"]
[EventType "swiss"]
[EventRounds "6"]
[EventCountry "CAN"]

1. d4 Nf6 2. c4 e6 3. Nc3 c5 4. d5 exd5 5. cxd5 d6 6. Nf3 g6 7. Bf4 a6 8. a4 Bg7 9. h3 Qe7 10. e3 h6 11. Bd3 Nbd7 12. O-O O-O 13. Re1 Nh5 14. Bh2 f5 15. e4 f4 16. e5 Bxe5 17. Bxg6 Ng7 18. Qc2 Qf6 19. Bd3 Re8 20. Ne4 Qf8 21. Nh4 Nf6 22. Ng6 Qf7 23. Nxe5 Rxe5 24. Nxd6 Qxd5 25. Bc4 Rg5 26. Bxd5+ Nxd5 27. Kh1 f3 28. g4 Ne6 29. Nxc8 Rxc8 (29... Nd4 30. Qxc5 Ne2 31. Ne7+ Nxe7 32. Qxe7 Rf8 33. Rxe2 fxe2 34. Qxe2 Rf7 35. Rd1 h5 36. Rd8+ Kh7 37. Qe4+) 1-0

[Event "Classical Bliss V5"]
[Site "Montreal CAN"]
[Date "2025.04.05"]
[Round "3.3"]
[White "Rebhi, Mohamed"]
[Black "Lompo, Boammani Aser"]
[Result "0-1"]
[WhiteElo "1224"]
[BlackElo "1288"]
[WhiteFideId "-1"]
[WhiteFideId "-1"]
[PlyCount "90"]
[GameId "2179725612536884"]
[EventDate "2025.03.29"]
[EventType "swiss"]
[EventRounds "6"]
[EventCountry "CAN"]

1. d4 d5 2. Nf3 Nf6 3. e3 Bg4 4. Bd3 e6 5. O-O Bd6 6. Nbd2 c6 7. Qe1 Bxf3 8. Nxf3 O-O 9. Ne5 c5 10. b3 Nc6 11. f4 cxd4 12. Nxc6 bxc6 13. exd4 Qb6 14. c3 Rfe8 15. Rf3 e5 16. fxe5 Bxe5 17. Qh4 Ne4 18. Kf1 Bxd4 19. Bxe4 Rxe4 20. Qg3 Bc5 21. b4 Bf8 22. Be3 Qa6+ 23. Kg1 Rae8 24. Bd4 Qb7 25. Raf1 R8e7 26. h4 Qc7 27. Qg5 h6 28. Qc1 Rxh4 29. Bc5 Re2 30. g3 Bxc5+ 31. bxc5 Rh3 32. Qf4 Qxf4 33. gxf4 Rxf3 34. Rxf3 Rxa2 35. Rd3 Rc2 36. Re3 Kf8 37. f5 a5 38. Kf1 a4 39. Ke1 a3 40. Kd1 a2 41. Kxc2 a1=Q 42. Rf3 Qa2+ 43. Kd1 Qc4 44. Kd2 Qxc5 45. f6 gxf6 0-1

[Event "Classical Bliss V5"]
[Site "Montreal CAN"]
[Date "2025.04.05"]
[Round "3.4"]
[White "Bozkurt, Berk"]
[Black "Pepin, Pierre-Luc"]
[Result "1-0"]
[WhiteElo "1302"]
[BlackElo "1004"]
[WhiteFideId "-1"]
[WhiteFideId "-1"]
[PlyCount "71"]
[GameId "2179725612536885"]
[EventDate "2025.03.29"]
[EventType "swiss"]
[EventRounds "6"]
[EventCountry "CAN"]

1. d4 d5 2. c4 e6 3. Nc3 Nc6 4. Nf3 a6 5. cxd5 exd5 6. Qb3 Nge7 7. g3 f6 8. Bg2 Be6 9. O-O Qd7 10. Re1 b6 11. a3 g6 12. Qc2 Nf5 13. e3 Bg7 14. Bd2 O-O 15. Rac1 Rac8 16. Ne2 Na7 17. Nf4 Bf7 18. e4 dxe4 19. Qxe4 Nd6 20. Qe7 Rfd8 21. Bh3 f5 22. Qh4 h6 23. Nxg6 Bxg6 24. Re7 Qb5 25. Rxg7+ Kxg7 26. Qxh6+ Kf7 27. Ne5+ Ke6 28. Qxg6+ Kd5 29. Be3 Qe8 30. Bg2+ Ne4 31. Qxf5 Qf8 32. Bxe4+ Kd6 33. Nc4+ Ke7 34. Bg5+ Ke8 35. Qe6+ Qe7 36. Qxe7# 1-0

[Event "Classical Bliss V5"]
[Site "Montreal CAN"]
[Date "2025.04.06"]
[Round "4.1"]
[White "Zhang, Chu Hang"]
[Black "Ouimet, Alain"]
[Result "1-0"]
[WhiteElo "2206"]
[BlackElo "1286"]
[WhiteFideId "-1"]
[WhiteFideId "-1"]
[PlyCount "67"]
[GameId "2179725612536886"]
[EventDate "2025.03.29"]
[EventType "swiss"]
[EventRounds "6"]
[EventCountry "CAN"]

1. c4 Nf6 2. Nc3 e6 3. g3 c5 4. Bg2 g6 5. e4 Nc6 6. Nge2 Ne5 7. d3 Bg7 8. h3 a6 9. Be3 Qc7 10. O-O d6 11. Rc1 O-O 12. b3 Bd7 13. Qd2 b5 14. cxb5 axb5 15. d4 cxd4 16. Nxd4 Qa5 17. f4 Nc6 18. Ndxb5 Ne8 19. Rfd1 Rb8 20. Nxd6 Bxc3 21. Qxc3 Qxa2 22. Nxe8 Bxe8 23. Bc5 Rxb3 24. Qe1 Rb2 25. Bf3 Rh2 26. Qf1 Rd2 27. Ra1 Qb2 28. Rxd2 Qxd2 29. Qd1 Qc3 30. Rc1 Qg7 31. e5 Nxe5 32. fxe5 Qxe5 33. Qd6 Qxd6 34. Bxd6 1-0

[Event "Classical Bliss V5"]
[Site "Montreal CAN"]
[Date "2025.04.06"]
[Round "4.2"]
[White "Tremblay, Xavier"]
[Black "Lompo, Boammani Aser"]
[Result "1-0"]
[WhiteElo "1478"]
[BlackElo "1288"]
[WhiteFideId "-1"]
[WhiteFideId "-1"]
[PlyCount "51"]
[GameId "2179725612536887"]
[EventDate "2025.03.29"]
[EventType "swiss"]
[EventRounds "6"]
[EventCountry "CAN"]

1. d4 d5 2. c4 c6 3. Nf3 Nf6 4. Nbd2 e6 5. Qc2 b6 6. e4 dxe4 7. Nxe4 Nbd7 8. Bf4 Nxe4 9. Qxe4 Bb7 10. Be2 Nf6 11. Qc2 Bd6 12. Bd2 Qc7 13. c5 Bf4 14. O-O Bxd2 15. Nxd2 b5 16. Rad1 O-O 17. h3 Rfd8 18. Nf3 h6 19. Ne5 Nd5 20. Bf3 a5 21. Bh5 g6 22. Bxg6 fxg6 23. Qxg6+ Qg7 24. Qxe6+ Kh7 25. Rd3 Re8 26. Qf5+ 1-0

[Event "Classical Bliss V5"]
[Site "Montreal CAN"]
[Date "2025.04.06"]
[Round "4.4"]
[White "Dadouche, Bachir"]
[Black "Rebhi, Mohamed"]
[Result "0-1"]
[WhiteElo "909"]
[BlackElo "1224"]
[WhiteFideId "-1"]
[WhiteFideId "-1"]
[PlyCount "70"]
[GameId "2179725612536889"]
[EventDate "2025.03.29"]
[EventType "swiss"]
[EventRounds "6"]
[EventCountry "CAN"]

1. e4 d5 2. d3 dxe4 3. Nc3 g6 4. Nxe4 Bg7 5. Nf3 Nf6 6. Be2 Nc6 7. a3 Bg4 8. Nxf6+ Bxf6 9. O-O O-O 10. c3 Qd7 11. d4 Rad8 12. Bg5 Na5 13. Bxf6 exf6 14. b4 Nc6 15. b5 Ne7 16. c4 Rfe8 17. d5 c6 18. dxc6 bxc6 19. Qxd7 Bxd7 20. Nd4 c5 21. Nb3 Rc8 22. Rad1 Bf5 23. Na5 Rc7 24. Bd3 Be6 25. h3 Nf5 26. Bxf5 Bxf5 27. Nb3 Bc2 28. Nd2 Bxd1 29. Rxd1 Rd8 30. Kf1 Rd3 31. Ke1 Rxa3 32. Rb1 Ra4 33. Rc1 Ra2 34. Ne4 Re7 35. f3 f5 0-1

[Event "Classical Bliss V5"]
[Site "Montreal CAN"]
[Date "2025.04.12"]
[Round "5.1"]
[White "Lompo, Boammani Aser"]
[Black "Zhang, Chu Hang"]
[Result "0-1"]
[WhiteElo "1529"]
[BlackElo "2213"]
[WhiteFideId "-1"]
[WhiteFideId "-1"]
[PlyCount "112"]
[GameId "2179725612573754"]
[EventDate "2025.03.29"]
[EventType "swiss"]
[EventRounds "6"]
[EventCountry "CAN"]

1. d4 Nf6 2. Bf4 c5 3. c3 cxd4 4. cxd4 d6 5. e3 g6 6. h3 Bg7 7. Nf3 Nc6 8. Bd3 O-O 9. O-O Re8 10. Bc2 Qb6 11. Bb3 e5 12. dxe5 dxe5 13. Bh2 Bf5 14. Nbd2 Rad8 15. Qc1 Nd7 16. Ng5 Be6 17. Nxe6 fxe6 18. Ne4 Na5 19. Ba4 Qb4 20. Nc3 Rf8 21. a3 Qc4 22. Bb5 Qc7 23. Qc2 Nf6 24. Rac1 a6 25. Bd3 b5 26. b4 Nb7 27. Qe2 Qb8 28. Rfd1 Nd5 29. Qg4 Nxc3 30. Qxe6+ Kh8 31. Rxc3 Rf6 32. Qb3 Rfd6 33. Rdc1 R6d7 34. Be2 Nd6 35. Qc2 Nf5 36. Rc8 Qb6 37. Rxd8+ Rxd8 38. Bd3 Qd6 39. Rd1 Bf6 40. Kf1 Kg7 41. Be2 Qb6 42. Rxd8 Qxd8 43. Ke1 Nh4 44. Kf1 Qa8 45. f3 Qd8 46. Kf2 Nf5 47. Qd3 Qb6 48. Qd7+ Kh6 49. Qd3 Bh4+ 50. g3 Bg5 51. f4 exf4 52. gxf4 Bh4+ 53. Kf3 Qc6+ 54. e4 Qb6 55. exf5 Qf2+ 56. Kg4 Qg2+ 0-1

[Event "Classical Bliss V5"]
[Site "Montreal CAN"]
[Date "2025.04.12"]
[Round "5.2"]
[White "Rebhi, Mohamed"]
[Black "Tremblay, Xavier"]
[Result "0-1"]
[WhiteElo "1420"]
[BlackElo "1795"]
[WhiteFideId "-1"]
[WhiteFideId "-1"]
[PlyCount "56"]
[GameId "2179725612577851"]
[EventDate "2025.03.29"]
[EventType "swiss"]
[EventRounds "6"]
[EventCountry "CAN"]

1. d4 Nf6 2. Bf4 g6 3. Nc3 Bg7 4. e4 d6 5. d5 Nbd7 6. Qd2 Nc5 7. f3 c6 8. Bh6 Bxh6 9. Qxh6 cxd5 10. exd5 Qb6 11. O-O-O Bd7 12. Bc4 Qb4 13. Qf4 b5 14. Rd4 bxc4 15. Rxc4 Qa5 16. b4 Qa3+ 17. Kd2 Na4 18. Nge2 Nxc3 19. Nxc3 Rc8 20. Rxc8+ Bxc8 21. Re1 Qxc3+ 22. Kd1 Bf5 23. Re3 Bxc2+ 24. Kc1 Bd3+ 25. Kd1 Qc2+ 26. Ke1 Qc1+ 27. Kf2 Qf1+ 28. Kg3 Nh5+ 0-1